Normal view
MARC view
Entry Topical Term
001 - CONTROL NUMBER
- control field: 129901
003 - CONTROL NUMBER IDENTIFIER
- control field: OSt
005 - DATE AND TIME OF LATEST TRANSACTION
- control field: 20230811154729.0
008 - FIXED-LENGTH DATA ELEMENTS
- fixed length control field: 230811|| aca||aabn | a|a d
040 ## - CATALOGING SOURCE
- Original cataloging agency: OSt
- Transcribing agency: OSt
150 ## - HEADING--TOPICAL TERM
- Topical term or geographic name entry element: Education
670 ## - SOURCE DATA FOUND
- Source citation: Work cat.: (OSt): KVS Madaan 129900, NTA-UGC Teaching and research aptitude paper-1 , 2023